| 000 | 01474nam a2200385 a 4500 | ||
|---|---|---|---|
| 001 | ebr10527876 | ||
| 003 | CaPaEBR | ||
| 006 | m u | ||
| 007 | cr cn||||||||| | ||
| 008 | 111005s2012 gw a sb 001 0 eng d | ||
| 010 | _z 2011037278 | ||
| 020 | _z9783110267594 (alk. paper) | ||
| 020 | _z9783110267709 (e-book) | ||
| 040 |
_aCaPaEBR _cCaPaEBR |
||
| 035 | _a(OCoLC)785776494 | ||
| 041 | 1 |
_aeng _hchi |
|
| 050 | 1 | 4 |
_aH61.25 _b.W36 2012eb |
| 066 | _c$1 | ||
| 082 | 0 | 4 |
_a005.5/5 _223 |
| 100 | 1 | _aWang, Jichuan. | |
| 240 | 1 | 0 |
_6880-00 _aDuo ceng tong ji fen xi mo xing |
| 245 | 1 | 0 |
_aMultilevel models _h[electronic resource] : _bapplications using SAS / _cJichuan Wang, Haiyi Xie, James H. Fischer. |
| 260 |
_aBerlin : _bDe Gruyter ; _aBoston : _bHigher Education Press, _cc2012. |
||
| 300 |
_aix, 264 p. : _bill. |
||
| 504 | _aIncludes bibliographical references and index. | ||
| 533 |
_aElectronic reproduction. _bPalo Alto, Calif. : _cebrary, _d2013. _nAvailable via World Wide Web. _nAccess may be limited to ebrary affiliated libraries. |
||
| 630 | 0 | 0 | _aSAS (Computer file) |
| 650 | 0 |
_aSocial sciences _xResearch _xMathematical models. |
|
| 650 | 0 | _aMultilevel models (Statistics) | |
| 655 | 7 |
_aElectronic books. _2local |
|
| 700 | 1 | _aXie, Haiyi. | |
| 700 | 1 | _aFischer, James H. | |
| 710 | 2 | _aebrary, Inc. | |
| 856 | 4 | 0 |
_uhttp://site.ebrary.com/lib/rucke/Doc?id=10527876 _zAn electronic book accessible through the World Wide Web; click to view |
| 999 |
_c145390 _d145390 |
||